Discours

Guardat en:
Dades bibliogràfiques
Autor principal: Cicerón, Marco Tulio (autor)
Format: Llibre
Idioma:francès
llatí
Publicat: París Les Belles Lettres 1926
Col·lecció:Collection des Universités de France
Matèries:
Etiquetes: Afegir etiqueta
Sense etiquetes, Sigues el primer a etiquetar aquest registre!

MARC

LEADER 00000nam a2200000 a 4500
001 UCO5792
003 CL-VaPUC
008 000915e19260000FR |||||||||||||||||fre|d
041 0 7 |a fre  |2 CL-VaPUC 
041 0 7 |a lat  |2 CL-VaPUC 
082 0 4 |a 875  |b CIC  |2 21 
100 |a Cicerón, Marco Tulio  |e autor  |9 255203 
245 1 0 |a Discours 
300 |a v 
942 |c BK 
945 |d 20000915 00:00:00  |a crobeson 
260 |a París  |b Les Belles Lettres  |c 1926 
500 |a v.1: Pour P. Quinctus - Pour Sex. Roscius d'Amérie - Pour Q. Roscius le comédien 
500 |a v.2: Pour M. Tullius - Discours contre Q. Caeciliius, dit La Divination - Première action contre C. Verrès - Seconde action contre C. Verrès - Livre premier. La préture urbaine 
500 |a v.3: Seconde action contre Verrès. Livre second: la préture de Sicile 
500 |a v.4: Seconde action contre Verrès. Livre troisième: le froment 
500 |a v.5: Seconde action contre Verrès. Livre IV - les oeuvres d'art 
500 |a v.6: Seconde action contre Verrès. Livre V - les supplices 
500 |a v.7: Pour M. Fonteius - Pour A. Cécina - Sur les pouvoirs de Pompée 
500 |a v.8: Pour Cluentius 
500 |a v.9: Sur la loi agrarie - Pour C. Rabirius 
500 |a v.10: Catilinaires 
500 |a v.11: Pour L. Muréna - pour P. Sylla 
500 |a v.12: Pour le poète archais 
500 |a v.13: Au sénat - Au peuple - sur sa maison 
500 |a v.13 t.2: Sur la résponse des Haruspices 
500 |a v.14: Pour Sestius - Contre Vatinius 
500 |a v.15: Pour Caelius, sur les provinces consulaires, pour Balbus 
500 |a v.16 t.1: Contre L. Pison 
500 |a v.17: pour C. Rabirius postumus - Pour T. Annius Milon 
500 |a v.18: Pour Marcellus - Pour le roi déjotarus 
500 |a v.19: Philippiques I à IV 
500 |a v.20: Philippiques V à XIV 
650 0 |a Discursos latinos  |9 266716 
650 0 |a Oratoria latina  |9 266621 
650 0 |a Literatura latina   |9 258055 
583 |a last modification  |c 20000915 00:00:00  |k Rodrigo Vera 
490 0 |a Collection des Universités de France 
999 |c 291622  |d 291620 
952 |0 0  |1 0  |4 0  |6 875_000000000000000_CIC_1926  |7 0  |8 X  |9 341614  |a BIBART  |b BIBART  |d 2019-11-20  |h v.5  |i 1222813  |o 875 CIC 1926  |p 1222813  |r 2025-03-13  |w 2019-11-20  |y BK_X  |k ART 
952 |0 0  |1 0  |4 0  |6 875_000000000000000_CIC_1926  |7 0  |8 X  |9 341615  |a BIBART  |b BIBART  |d 2019-11-20  |h v.8  |i 1222821  |o 875 CIC 1926  |p 1222821  |r 2025-03-13  |w 2019-11-20  |y BK_X  |k ART 
952 |0 0  |1 0  |4 0  |6 875_000000000000000_CIC_1926  |7 0  |8 X  |9 341616  |a BIBART  |b BIBART  |d 2019-11-20  |h v.10  |i 122283K  |o 875 CIC 1926  |p 122283K  |r 2025-03-13  |w 2019-11-20  |y BK_X  |k ART 
952 |0 0  |1 0  |4 0  |6 875_000000000000000_CIC_1926  |7 0  |8 X  |9 341617  |a BIBART  |b BIBART  |d 2019-11-20  |h v.11  |i 1222848  |o 875 CIC 1926  |p 1222848  |r 2025-03-13  |w 2019-11-20  |y BK_X  |k ART 
952 |0 0  |1 0  |4 0  |6 875_000000000000000_CIC_1926  |7 0  |8 X  |9 341618  |a BIBART  |b BIBART  |d 2019-11-20  |h v.12  |i 1222856  |o 875 CIC 1926  |p 1222856  |r 2025-03-13  |w 2019-11-20  |y BK_X  |k ART 
952 |0 0  |1 0  |4 0  |6 875_000000000000000_CIC_1926  |7 0  |8 X  |9 341619  |a BIBART  |b BIBART  |d 2019-11-20  |h v.13  |i 1222864  |o 875 CIC 1926  |p 1222864  |r 2025-03-13  |w 2019-11-20  |y BK_X  |k ART 
952 |0 0  |1 0  |4 0  |6 875_000000000000000_CIC_1926  |7 0  |8 X  |9 341620  |a BIBART  |b BIBART  |d 2019-11-20  |h v.13 t.2  |i 1222872  |o 875 CIC 1926  |p 1222872  |r 2025-03-13  |w 2019-11-20  |y BK_X  |k ART 
952 |0 0  |1 0  |4 0  |6 875_000000000000000_CIC_1926  |7 0  |8 X  |9 341621  |a BIBART  |b BIBART  |d 2019-11-20  |h v.14  |i 1222880  |o 875 CIC 1926  |p 1222880  |r 2025-03-13  |w 2019-11-20  |y BK_X  |k ART 
952 |0 0  |1 0  |4 0  |6 875_000000000000000_CIC_1926  |7 0  |8 X  |9 341622  |a BIBART  |b BIBART  |d 2019-11-20  |h v.15  |i 1222899  |o 875 CIC 1926  |p 1222899  |r 2025-03-13  |w 2019-11-20  |y BK_X  |k ART 
952 |0 0  |1 0  |4 0  |6 875_000000000000000_CIC_1926  |7 0  |8 X  |9 341623  |a BIBART  |b BIBART  |d 2019-11-20  |h v.16 t.1  |i 1222902  |o 875 CIC 1926  |p 1222902  |r 2025-03-13  |w 2019-11-20  |y BK_X  |k ART 
952 |0 0  |1 0  |4 0  |6 875_000000000000000_CIC_1926  |7 0  |8 X  |9 341624  |a BIBART  |b BIBART  |d 2019-11-20  |h v.17  |i 1222910  |o 875 CIC 1926  |p 1222910  |r 2025-03-13  |w 2019-11-20  |y BK_X  |k ART 
952 |0 0  |1 0  |4 0  |6 875_000000000000000_CIC_1926  |7 0  |8 X  |9 341625  |a BIBART  |b BIBART  |d 2019-11-20  |h v.18  |i 1222929  |o 875 CIC 1926  |p 1222929  |r 2025-03-13  |w 2019-11-20  |y BK_X  |k ART 
952 |0 0  |1 0  |4 0  |6 875_000000000000000_CIC_1926  |7 0  |8 X  |9 341626  |a BIBART  |b BIBART  |d 2019-11-20  |h v.19  |i 1222937  |o 875 CIC 1926  |p 1222937  |r 2025-03-13  |w 2019-11-20  |y BK_X  |k ART 
952 |0 0  |1 0  |4 0  |6 875_000000000000000_CIC_1926  |7 0  |8 X  |9 341627  |a BIBART  |b BIBART  |d 2019-11-20  |h v.20  |i 1222945  |o 875 CIC 1926  |p 1222945  |r 2025-03-13  |w 2019-11-20  |y BK_X  |k ART